00684 a2200157 4500020001500000040001300015100001900028245019400047250001100241260004400252300001900296650002400315942002600339999001500365952014600380 a0470010800 aDLCbDLC1 aHarrison, Paul10aQuantum wells, wires and dots : theoretical and computational physics of semiconductor nanostructures btheoretical and computational physics of semiconductor nanostructures cPaul Harrison a2. ed. aChichester :bWiley-Interscience,c2005 a482 s. :bill. 7aQuantum electronics cBKk537.6226 HAR2ddc c8956d8956 001040708NFICaCLbCLcGENd2006-11-07eAllied Book Companyg4215.51l1o537.6226 HARpSEECS007714r2015-02-01s2014-01-21w2017-01-05yBK